| 000 | 01096nam a2200289Ia 4500 | ||
|---|---|---|---|
| 005 | 20220317000938.0 | ||
| 008 | 160801s2006 mx g 000 0 spa | ||
| 020 | _a9682476100 | ||
| 082 | 0 | 4 |
_a372.4 _bC17l |
| 100 | 1 | _aCarril, Isabel | |
| 245 | 1 | 0 |
_aLeer ... _cIsabel Carril, María Caparrós |
| 250 | _a2a. edición | ||
| 300 |
_a93 páginas _c24 cm |
||
| 500 | _aIncluye bibliografía | ||
| 505 | _a¿Qué es leer? -- Subprocesos lectores -- ¿Cuándo enseñar a leer? -- ¿Cómo enseñar a leer? -- Los métodos para la enseñanza de la lectura -- Criterios para evaluar un método de lectura | ||
| 650 | 1 | 4 |
_2LEMB _aLectura _xEnseñanza primaria |
| 650 | 1 | 4 |
_2LEMB _aPromoción de la lectura _xMetodología |
| 650 | 1 | 4 |
_2LEMB _aComprensión de lectura _xMetodología |
| 650 | 1 | 4 |
_aLectura _xEnseñanza _xMetodología |
| 700 | 1 |
_aCaparrós, María _918500 |
|
| 942 |
_2ddc _cBK |
||
| 264 |
_aMéxico _bTrillas _c2006 |
||
| 336 |
_atexto _btxt _2rdacontent |
||
| 337 |
_asin mediación _bn _2rdamedia |
||
| 338 |
_avolumen _bnc _2rdacarrier |
||
| 040 |
_aCO-BoRNBP _bspa _erda _cCO-BoRNBP |
||
| 999 |
_c5479 _d5479 |
||